000 00357nam a2200145Ia 4500
008 230917s9999||||xx |||||||||||||| ||und||
040 _e29001
_aMAIN
041 _aEnglish
082 _a330.9 J827J
100 _a[n.a.]
245 0 _aJournal of political economy
260 _aChicago
_bUniversity of Chicago Press
_c1964
300 _a201 p.
942 _cBK
999 _c99633
_d99633